1170 1693 1010 1897 1641 1218 1228 1549 1912 1947 1974 1051 1950 1759 1656 1446 1222 1313 1373 1858 1334 1838 1159 1354 1258 1492 1100 1857 1039 1396 1192 1523 1982 1647 1046 1368 1581 1943 1592 1812 1597 1081 1847 1748 1553 1583 1987 1159 1942 1322 1310 1368 1897 1633 1608 1339 1748 1903 1358 1480 1795 1657 1168 1750 1622 1098 1764 1825 1778 1149 1901 1591 1908 1242 1144 1178 1786 1721 1651 1064 1544 1205 1629 1968 1487 1794 1604 1036 1880 1779 1002 1963 1791 1743 1155 1715 1970 1005 1951 BCNSPRNW ULIB Ver.6.0+V

เปลี่ยนเป็นภาษาไทย

Change to English
 แสดงรายละเอียดบรรณานุกรม
  กลับหน้าหลัก

Brief Record : Get Marc (ISO 2709) : E-mail record : QR code < ปิดหน้าต่าง
LEADER : 00000nam 2200000uu 4500
001    13399110433
003     ULIB
008    110530s2011||||th 000 0 eng d
020    1609133658
060 04 WY100^bT239f 2011
100 1  Taylor, Carol
245 10 Fundamentals of nursing :^bthe art & science of nursingcare /^cCarol Taylor, Carol Lillis, Priscilla LeMone
250    7th ed.
260    Philadelphia :^bLippincott,^c2011
300    xxxv, 1673 p. :^bcol. ill. ;^c29 cm.
504    Includes bibliographical references and index
650  2 Nursing
650  2 Health Promotion
650  2 Nursing Process
700 1  Lillis, Carol
700 1  LeMone, Priscilla
945    ^p2680^l0^i030091
995    Kesorn
999 ^a ใช้งานได้ทุกระบบ
รายการนี้ยังไม่มีแท็ก
คุณยังไม่ได้ล็อกอิน คุณสามารถมีกิจกรรมร่วมกับเว็บไซต์ได้ แต่ต้องล็อกอินก่อน ::
  ล็อกอิน

รายการสื่อสารสนเทศ

ลำดับที่ ประเภท เลขเรียก/บาร์โค้ด สถานที่ สถานะ
- ไม่พบข้อมูล -

รายการใกล้เคียง
    ผู้แต่ง [Taylor, Carol]

    หัวเรื่อง [Nursing]
    หัวเรื่อง [Health Promotion]
    หัวเรื่อง [Nursing Process]

BibComment


ยังไม่เคยถูกคอมเมนท์

คอมเมนท์ทรัพยากรรายการนี้
  คอมเมนท์: Fundamentals of n..


 Copyright 2026. Bcnsprnw @Library